[Event "Burjassot U2200 op 4th"]
[Site "Burjassot"]
[Date "2016.09.09"]
[Round "1.19"]
[White "Lopez Fernandez, Fernando"]
[Black "Bellon Solsona, Nicolas"]
[Result "1/2-1/2"]
[WhiteElo "1665"]
[BlackElo "1315"]
[PlyCount "116"]
[EventDate "2016.09.09"]
[EventType "swiss"]
[EventRounds "7"]
[EventCountry "ESP"]
[SourceTitle "EXT 2024"]
[Source "ChessBase"]
[SourceDate "2023.10.10"]
[SourceVersion "1"]
[SourceVersionDate "2023.10.10"]
[SourceQuality "1"]

1. e4 c5 2. Nf3 Nf6 3. Nc3 g6 4. d4 cxd4 5. Nxd4 Bg7 6. Be3 0-0 7. f3 d5 8. e5 Nfd7 9. f4 e6 10. Bd3 Nc6 11. 0-0 Nb6 12. b3 Bd7 13. Ndb5 Nc8 14. a3 a6 15. Nd4 N8e7 16. g4 Nxd4 17. Bxd4 Nc6 18. Bc5 Re8 19. Na4 b5 20. Nb6 Rb8 21. Nxd7 Qxd7 22. g5 Rbc8 23. Be3 Ne7 24. Qf3 Bf8 25. Kh1 Nc6 26. Rg1 Be7 27. Rg4 Kg7 28. Rh4 Rh8 29. Rh6 Kg8 30. a4 Nb4 31. axb5 Nxd3 32. cxd3 axb5 33. Ra7 Rc7 34. Ra1 Rc3 35. Qd1 Qc6 36. Kg1 Bc5 37. d4 Bf8 38. Rh3 Kg7 39. Rc1 Bb4 40. Bd2 Rxc1 41. Qxc1 Qxc1+ 42. Bxc1 Rc8 43. Be3 Rc3 44. Rf3 Rxb3 45. Kg2 Rb2+ 46. Rf2 Rxf2+ 47. Kxf2 Bc3 48. Ke2 Kf8 49. Kd3 b4 50. Bd2 Bxd2 51. Kxd2 b3 52. Kc3 b2 53. Kxb2 Ke7 54. Kb3 Kd7 55. Kb4 Kc7 56. Kc5 Kd7 57. Kb6 Ke7 58. Kc7 Ke8 1/2-1/2